000 00538nam a22001697a 4500
005 20251108175756.0
008 250721s2001 xx 000 0 ara d
082 1 4 _a158.4/ويت
100 1 _aكاميرون، دافيد ويتون
245 1 0 _aالادارة و القيادة الذات انت كما تفكر /
264 1 _aالقاهرة :
_bمركز الخبرات المهنية للادارة،
_c2001.
300 _a422ص.
650 1 7 _aالقيادة
650 1 7 _aالادارة
942 _2ddc
_cBK
999 _c142082
_d142082